| 000 | 00643cam a22002177a 4500 | ||
|---|---|---|---|
| 003 | PILC | ||
| 005 | 20150908074614.0 | ||
| 008 | 100205s2009 ph 000 1 eng | ||
| 010 | _a2010338143 | ||
| 020 | _a9789719469308 | ||
| 020 | _a9719469315 | ||
| 040 |
_aDLC _cDLC _dDLC |
||
| 042 | _alcode | ||
| 050 | 0 | 0 |
_aPS 9993 _b.Y38 2009 |
| 100 | 1 | _aYasay, Perfecto R. | |
| 245 | 1 | 0 |
_aTerminal four : _bcorruption in America's only colony in Asia / _cPerfecto R. Yasay, Jr. |
| 260 |
_aLas Pinas City : _bPagturugang Ibalnon Foundation, _c2009. |
||
| 300 |
_a247 pages : _billustrations ; _c23 cm. |
||
| 740 | 0 | _aTerminal 4. | |
| 942 |
_2lcc _cBK |
||
| 999 |
_c283746 _d283746 |
||